Furniture Definitions? Quiz Stats

Quiz Updated Sep 15, 2015

Challenge
Share
Tweet
Embed
Score 0/30 Timer 06:00
7 Plays Today
% Correct
island
96.5%
console
94.7%
chest
94.2%
secretary
93.9%
vanity
93.5%
stool
92.8%
server
92%
wardrobe
91.1%
bench
89.5%
sink
87.3%
cabinet
85.6%
shower
84.9%
screen
84.9%
bed
83.6%
chair
83.6%
% Correct
bureau
82.8%
rug
82.1%
table
76.6%
sectional
73.2%
piano
69.9%
closet
66.9%
chesterfield
63.2%
hutch
62.8%
buffet
58.8%
crib
56.3%
couch
51.2%
chaise
48.6%
toilet
46.3%
bath
41.1%
ottoman
30.6%

You're not logged in!

Compare scores with friends on all Sporcle quizzes.
Join for Free
OR
Log In

You Might Also Like...

Show Comments

Extras

Top Quizzes Today


Score Distribution

Your Account Isn't Verified!

In order to create a playlist on Sporcle, you need to verify the email address you used during registration. Go to your Sporcle Settings to finish the process.

Report this User

Report this user for behavior that violates our Community Guidelines.

Details: